| 000 | 01187cam a22003014a 4500 | ||
|---|---|---|---|
| 001 | 12254183 | ||
| 003 | OSt | ||
| 005 | 20180116192417.0 | ||
| 008 | 001211s2001 nyuab b 001 0 eng | ||
| 010 | _a 00048480 | ||
| 020 | _a0810942534 | ||
| 040 |
_aDLC _cDLC _dDLC |
||
| 042 | _apcc | ||
| 050 | 0 | 0 |
_aSB470.5 _b.R64 2001 |
| 082 | 0 | 0 |
_a712.09 _221 |
| 100 | 1 |
_aRogers, Elizabeth Barlow, _d1936- _96890 |
|
| 245 | 1 | 0 |
_aLandscape design : _ba cultural and architectural history / _cElizabeth Barlow Rogers. |
| 260 |
_aNew York : _bHarry N. Abrams, _c2001. |
||
| 300 |
_a544 p. : _bill. (some col.), maps ; _c30 cm. |
||
| 504 | _aIncludes bibliographical references (p. 520-533). | ||
| 650 | 0 |
_aLandscape architecture _xHistory. _96891 |
|
| 650 | 0 |
_aLandscape design _xHistory. _96892 |
|
| 856 | 4 | 1 |
_3Table of contents _uhttp://www.loc.gov/catdir/toc/fy031/00048480.html |
| 906 |
_a7 _bcbc _corignew _d1 _eocip _f20 _gy-gencatlg |
||
| 942 |
_2ddc _cBK |
||
| 999 |
_c353781 _d353781 |
||